| 000 | 01549pam a2200373 a 4500 | ||
|---|---|---|---|
| 005 | 20260322212011.0 | ||
| 008 | data | ||
| 010 | _a 89036481 | ||
| 020 |
_a015200405X (lib. bdg.) : _c{dollar}16.95 |
||
| 020 |
_a9780152004057 (lib. bdg.) : _c{dollar}16.95 |
||
| 040 |
_aDLC _cDLC _dDLC |
||
| 050 | 0 | 0 |
_aML3930.V4 _bP7 1990 |
| 082 | 0 | 0 |
_a782.1/026/9 _220 |
| 092 | _a782.1 V4 1990 | ||
| 100 | 1 | _aPrice, Leontyne. | |
| 245 | 1 | 0 |
_aAïda / _cLeontyne Price ... [et al.]. |
| 250 | _a1st ed. | ||
| 260 |
_aSan Diego : _bHarcourt Brace Jovanovich, _cc1990. |
||
| 300 |
_a[32] p. : _bcol. ill. ; _c29 cm. |
||
| 500 | _a"Gulliver books." | ||
| 500 | _a"Based on the opera by Giuseppe Verdi." | ||
| 520 | _aRetells the story of Verdi's opera in which the love of the enslaved Ethiopian princess for an Egyptian general brings tragedy to all involved. | ||
| 600 | 1 | 0 |
_aVerdi, Giuseppe, _d1813-1901. _tAïda _vJuvenile literature. |
| 600 | 1 | 1 |
_aVerdi, Giuseppe, _d1813-1901. _tAïda. |
| 650 | 1 |
_aOperas _xStories, plots, etc. |
|
| 700 | 1 |
_aDillon, Leo, _eill. |
|
| 700 | 1 |
_aDillon, Diane, _eill. |
|
| 700 | 1 |
_aVerdi, Giuseppe, _d1813-1901. _tAïda. |
|
| 856 | 4 | 2 |
_3Publisher description _uhttp://www.loc.gov/catdir/description/har021/89036481.html |
| 906 |
_a7 _bcbc _corignew _d1 _eocip _f19 _gy-gencatlg |
||
| 991 |
_bc-Music _hML3930.V4 _iP7 1990 _tCopy 1 _wBOOKS |
||
| 001 | data | ||
| 999 |
_c218 _d218 |
||